| 000 | 02022nam0a22004211 4500 | ||
|---|---|---|---|
| 001 | RU\NLR\A1SV\16245 | ||
| 005 | 20260225112254.1 | ||
| 035 | _a(NLR Aleph) 009701477 | ||
| 090 |
_a9787480 _c9787480 |
||
| 100 | _a19991004d1923 u y0rusy50 ca | ||
| 101 | 1 |
_arus _cger |
|
| 102 | _aRU | ||
| 200 | 1 |
_aРуководство по механическому делу для техников, мастеров и рабочих, а также для профтехнических школ и школ заводского ученичества _eС прил.: 1) Необходимых сведений по математике и упрощ. счислению. 2) Рук. к ремесл. счетоводству по определению "себестоимости" изделий и продаж. цены их (калькуляция) и около 400 подробно решен. задач и прим. из практики _fВалькер _gПер. с нем., обраб. и доп. применительно к рус. условиям проф. В.А.Александровым _g[Предисл.: проф. В.Александров] |
|
| 210 |
_a[Пг.] _cГос. техн. изд-во _d1923 |
||
| 215 |
_aIV, 400 с. _cчерт., табл. _d18 см |
||
| 225 |
_aРаб. б-ка _hСер.2 _iА _fНауч.-техн. отд. ВСНХ _vN V-4 |
||
| 620 | _dСанкт-Петербург | ||
| 700 | 1 |
_aВалькер _bК. |
|
| 702 | 1 |
_aАлександров _bВ. А. _f1880-1941 _gВалентин Александрович |
|
| 801 | 0 |
_aRU _bNLR _c19991004 |
|
| 852 |
_aNLR _j37.13.6.337/4 |
||
| 852 |
_aNLR _j128/4767 |
||
| 899 | _aСПбГУ | ||
| 899 | _aНБУВ | ||
| 899 | _aБАН | ||
| 899 | _aРКП | ||
| 899 | _aРГБ | ||
| 899 | _aГБ РУз. | ||
| 899 | _aУОНБ | ||
| 899 | _aНГОУНБ | ||
| 899 | _aКирОУНБ | ||
| 899 | _aСамОУНБ | ||
| 899 | _aНБЛ КГУ | ||
| 942 | _cBOOK | ||
| 980 | _aNB | ||
| 980 | _aA1SV | ||
| 980 | _aA1SV | ||